Visualizzazione normale
Vista MARC
- Ferrero Cristina, Moia Luciano, Semeraro Marcello
di Personal Name
Records bibliografici associati: 1
001 - CONTROL NUMBER
- control field: 58703
003 - CONTROL NUMBER IDENTIFIER
- control field:
005 - DATE AND TIME OF LATEST TRANSACTION
- control field: 20201228142735.0
008 - FIXED-LENGTH DATA ELEMENTS
- fixed length control field: 201228|| aca||aabn | a|a d
040 ## - CATALOGING SOURCE
- Original cataloging agency:
- Transcribing agency:
100 ## - HEADING--PERSONAL NAME
- Personal name: Ferrero Cristina, Moia Luciano, Semeraro Marcello
670 ## - SOURCE DATA FOUND
- Source citation: Work cat.: (): Ferrero Cristina, Moia Luciano, Semeraro Marcello, La chiesa ama i vostri figli così come sono, 2020